000 00765nam a2200253Ia 4500
003 OSt
005 20220923230628.0
006 a|||||r|||| 00| 0
007 ta
008 220922b |||||||| |||| 00| 0 hin d
024 _a285,344
037 _cTextual
040 _aARTS
_cARTS
_bhin
041 _2hin
_ahin
082 _aQ12:21, 152N4
100 _aशर्मा, राम, संपा.
245 0 _aयजुर्वेद - संहिता
246 _aYajurved - sanhitā
260 _aहरिद्वार
_b बह्मवर्चस्
_c1994
300 _a489पृ.
_ccm.
650 _aधर्म
942 _hQ12:21, 152N4
_cTEXL
_2CC
999 _c386160
_d386160